000 00543nam a22001937a 4500
008 131111b xxu||||| |||| 00| 0 ger d
020 _a3854284500
041 0 _ager
080 _a336.71
100 1 _aManessinger, Harald
245 1 0 _aKonkurs-frühwarnsystem im firmenkundengeschäft von banken /
_cHarald Manessinger
260 _aWien :
_bFacultas ;
_c2002.
300 _a175 f. :
_c24 cm.
500 _aVorwort : f. 5
505 _aLiteraturverzeichnis : f. 171 - 175
650 0 _aFalimentimi
650 0 _aBankat
942 _2udc
_cBK
999 _c266
_d266